La Revolución Mexicana (Record no. 9166)

MARC details
000 -CABECERA
campo de control de longitud fija 01064nam a2200301 a 4500
001 - NÚMERO DE CONTROL
campo de control BRL_353
005 - FECHA Y HORA DE LA ÚLTIMA TRANSACCIÓN
campo de control 20190320210712.0
008 - DATOS DE LONGITUD FIJA--INFORMACIÓN GENERAL
campo de control de longitud fija 310713s1960----mx-a######---#010-0dspa-#
041 ## - CÓDIGO DE LENGUA
Código de lengua del texto/banda sonora o título independiente spa
044 ## - CÓDIGO DEL PAÍS DE LA ENTIDAD EDITORA/PRODUCTORA
Código MARC del país mx
050 #4 - SIGNATURA TOPOGRÁFICA DE LA BIBLIOTECA DEL CONGRESO
Número de clasificación NE546.P6
Número de documento/Ítem .M89 1960
100 1# - ENTRADA PRINCIPAL--NOMBRE DE PERSONA
Nombre de persona Muyaes, Jaled
9 (RLIN) 7828
245 10 - MENCIÓN DE TÍTULO
Título La Revolución Mexicana
Resto del título vista por José Guadalupe Posada
Mención de responsabilidad, etc. recopilación y representación de Jaled Muyaes.
260 ## - PUBLICACIÓN, DISTRIBUCIÓN, ETC.
Lugar de publicación, distribución, etc. México
Nombre del editor, distribuidor, etc. Policromia
Fecha de publicación, distribución, etc. 1960
300 ## - DESCRIPCIÓN FÍSICA
Extensión 62 p.
Otras características físicas il.
Dimensiones 32 cm.
500 ## - NOTA GENERAL
Nota general Au2373
500 ## - NOTA GENERAL
Nota general Ver también número de sistema 2785 perteneciente al Fondo General Franz Mayer
600 14 - PUNTO DE ACCESO ADICIONAL DE MATERIA--NOMBRE DE PERSONA
Nombre de persona Posada, José Guadalupe
Fechas asociadas al nombre 1852-1913
9 (RLIN) 4998
650 14 - PUNTO DE ACCESO ADICIONAL DE MATERIA--TÉRMINO DE MATERIA
Término de materia o nombre geográfico como elemento de entrada Revolución Mexicana
Subdivisión general Grabados
Subdivisión cronológica 1910-1960
Subdivisión geográfica México
9 (RLIN) 23631
650 14 - PUNTO DE ACCESO ADICIONAL DE MATERIA--TÉRMINO DE MATERIA
Término de materia o nombre geográfico como elemento de entrada Grabadores mexicanos
9 (RLIN) 7389
651 #4 - PUNTO DE ACCESO ADICIONAL DE MATERIA--NOMBRE GEOGRÁFICO
Nombre geográfico México
Subdivisión de forma Grabados
Subdivisión general Vida social y costumbres
Subdivisión cronológica 1910-1960
9 (RLIN) 23632
700 1# - PUNTO DE ACCESO ADICIONAL--NOMBRE DE PERSONA
Nombre de persona Echaniz, Guillermo
Término indicativo de función/relación ed.
9 (RLIN) 23633
700 1# - PUNTO DE ACCESO ADICIONAL--NOMBRE DE PERSONA
Nombre de persona Escallada, Alfredo
Término indicativo de función/relación ed.
9 (RLIN) 23634
700 1# - PUNTO DE ACCESO ADICIONAL--NOMBRE DE PERSONA
Nombre de persona Fosado, Víctor
Término indicativo de función/relación ed.
9 (RLIN) 23635
700 1# - PUNTO DE ACCESO ADICIONAL--NOMBRE DE PERSONA
Nombre de persona Musalem, Carlos
Término indicativo de función/relación ed.
9 (RLIN) 23636
902 ## - CATALOGADOR
Iniciales GRL
942 ## - ELEMENTOS DE PUNTO DE ACCESO ADICIONAL (KOHA)
Fuente del sistema de clasificación o colocación Library of Congress Classification
Tipo de ítem Koha Libros
Holdings
Estado de retiro Estado de pérdida Estado dañado No para préstamo Localización permanente Ubicación/localización actual Fecha de adquisición Número de inventario Total de préstamos Signatura topográfica completa Código de barras Fecha visto por última vez Precio válido a partir de Tipo de ítem Koha
El ejemplar forma parte de la colección y puede ser consultado según las políticas vigentes.       Biblioteca Centro de Estudios Ruth D. Lechuga Biblioteca Centro de Estudios Ruth D. Lechuga 31/07/2013 Au2373   NE546.P6 .M89 1960 (Au2373) GRL00377 22/03/2019 22/03/2019 Libros